000 01286cam a2200301 4500
001 ABS64079
008 000000n2001 000 0 eng u
035 _a(Sirsi) u113551
100 _aRawstron, A.
245 _aDemolition dust-up
260 _c2001
490 _aConstruction News
_v(6722) 28 June 2001, 25(1)
520 _aNotes the ruling in "Video London Sound Studios v Asticus (GMS) and Keltbray Demolition" that the claimant was entitled to compensation for damage caused by dust, noise and vibration from building and demolition works, which would not constitute an actionable nuisance where only the enjoyment of property was interfered with, as it resulted physical damage to a neighbouring property. Under the London Building (Amendment) Act 1939 s46, however, party wall actions can only be brought for damage to an adjoining property not for that caused to chattels.
590 _aABS
650 _aBUILDING WORKS
650 _aCHATTELS
650 _aCONSTRUCTION WORKS
650 _aDEMOLITION
650 _aDUST
650 _aENJOYMENT
650 _aLONDON BUILDING (AMENDMENT) ACT 1939 S46
650 _aNOISE
650 _aNUISANCE
650 _aParty walls
_96258
650 _aVIBRATION
690 _aBoundary disputes
_96221
942 _n0
999 _c67643
_d67643